Kỹ thuật chăn nuôi lợn sạch

Guardado en:
Detalles Bibliográficos
Autor principal: Phạm, Sỹ Tiệp
Formato: Libro
Lenguaje:Undetermined
Publicado: Hà Nội Hà Nội 2004
Materias:
Etiquetas: Agregar Etiqueta
Sin Etiquetas, Sea el primero en etiquetar este registro!
Thư viện lưu trữ: Trung tâm Học liệu Trường Đại học Cần Thơ
LEADER 00539nam a2200205Ia 4500
001 CTU_74358
008 210402s9999 xx 000 0 und d
020 |c 14500 
082 |a 636.4 
082 |b T307 
100 |a Phạm, Sỹ Tiệp 
245 0 |a Kỹ thuật chăn nuôi lợn sạch 
245 0 |c Phạm Sỹ Tiệp 
260 |a Hà Nội 
260 |b Hà Nội 
260 |c 2004 
650 |a Swine,Cattle 
650 |x Breeding 
904 |i Năm 
980 |a Trung tâm Học liệu Trường Đại học Cần Thơ